Mulakhkhaṣ dirāsat al-iḥtiyājāt wa-al-amkānāt al-ʻilmīyah wa-al-tiknūlūjīyīyah al-waṭanīyah : al-marḥalah al-ūlá : al-iḥtiyājāt al-ʻilmīyah wa-al-tiknūlūjīyah /

Saved in:
Bibliographic Details
Corporate Author: Majlis al-Aʻlá lil-ʻUlūm wa-al-Tiknūlūjiyā (Jordan)
Format: Book
Language:Arabic
Published: ʻAmmān : al-Majlis, 1996.
Subjects:
Tags: Add Tag
No Tags, Be the first to tag this record!
LEADER 01159nam a2200277 a 4500
001 007731921-4
005 20020606104010.5
008 941103s1996 jo f000|0 ara d
035 0 |a ocm79971580 
041 0 |a araeng 
043 |a a-jo--- 
245 0 0 |a Mulakhkhaṣ dirāsat al-iḥtiyājāt wa-al-amkānāt al-ʻilmīyah wa-al-tiknūlūjīyīyah al-waṭanīyah :  |b al-marḥalah al-ūlá : al-iḥtiyājāt al-ʻilmīyah wa-al-tiknūlūjīyah /  |c al-Majlis al-Aʻlá lil-ʻUlūm wa-al-Tiknūlūjiyā, al-Amānah al-ʻĀmmah. 
246 1 5 |a Executive summary: Study of national scientific and technical requirements and potential : phase I (scientific and technological requirements) 
260 |a ʻAmmān :  |b al-Majlis,  |c 1996. 
300 |a 10, 9 p. ;  |c 30 cm. 
546 |a Arabic and English. 
650 0 |a Technology  |z Jordan. 
650 0 |a Technology  |x Research  |z Jordan. 
650 0 |a Science  |z Jordan. 
650 0 |a Research  |z Jordan. 
650 0 |a Science and state  |z Jordan. 
650 0 |a Technology and state  |z Jordan. 
710 2 |a Majlis al-Aʻlá lil-ʻUlūm wa-al-Tiknūlūjiyā (Jordan) 
752 |a Jordan  |d Amman. 
988 |a 20020608 
906 |0 MH